[Event "GLOCAL SQUARE 53rd National Challengers Chess Cham"]
[Site "Naivedhyam Celebration Centre, Nagpur"]
[Date "2015.08.20"]
[Round "6"]
[Board "11"]
[White "Rathnakaran, K."]
[Black "Shivananda, B.S."]
[Result "1-0"]
[WhiteElo "2417"]
[BlackElo "2291"]
[PlyCount "114"]
[EventDate "2015.08.17"]
[EventRounds "13"]
[EventCountry "IND"]

1. e4 e5 2. Nf3 Nf6 3. Nxe5 d6 4. Nf3 Nxe4 5. Nc3 Nxc3 6. dxc3 Be7 7. Bf4 Nc6
8. Qd2 Be6 9. O-O-O Qd7 10. Kb1 a6 11. Ng5 Bxg5 12. Bxg5 f6 13. Bh4 O-O-O 14.
f3 Rhe8 15. Bf2 Re7 16. b3 h5 17. h3 Rde8 18. Kb2 Bf5 19. c4 Qe6 20. Re1 Qd7
21. Be2 g5 22. Bd1 Rxe1 23. Rxe1 Rxe1 24. Bxe1 Qe6 25. Qf2 Bg6 26. Bc3 f5 27.
f4 g4 28. Be2 Qe7 29. Bd3 Kd7 30. hxg4 hxg4 31. g3 a5 32. a3 b6 33. Qg2 Nd8 34.
b4 axb4 35. axb4 c6 36. Qh1 Qh7 37. Qa1 Ke6 38. Qg1 c5 39. b5 Qb7 40. Bf1 Bf7
41. Bg2 Qe7 42. Qa1 Kd7 43. Qa7+ Ke8 44. Qxb6 Bxc4 45. Qb8 Kf7 46. b6 d5 47.
Be5 Nb7 48. Qc8 Kg6 49. Qg8+ Kh6 50. Bxd5 Bxd5 51. Qxd5 Kg6 52. Kc3 Kh5 53. Kc4
Na5+ 54. Kb5 Nb7 55. Qh1+ Kg6 56. Qc6+ Kh5 57. Qc8 c4 1-0

[Event "GLOCAL SQUARE 53rd National Challengers Chess Cham"]
[Site "Naivedhyam Celebration Centre, Nagpur"]
[Date "2015.08.20"]
[Round "6"]
[Board "12"]
[White "Sangma, Rahul"]
[Black "Ravi, Teja S."]
[Result "1/2-1/2"]
[WhiteElo "2285"]
[BlackElo "2416"]
[PlyCount "87"]
[EventDate "2015.08.17"]
[EventRounds "13"]
[EventCountry "IND"]

1. Nf3 d5 2. c4 c6 3. e3 Nf6 4. Nc3 a6 5. Qc2 e6 6. b3 c5 7. cxd5 exd5 8. Na4
Bd7 9. Ba3 Bxa4 10. bxa4 Nbd7 11. Rb1 b5 12. Bb2 c4 13. axb5 axb5 14. Bxf6 Qxf6
15. Rxb5 Qa1+ 16. Rb1 Qxa2 17. Qxa2 Rxa2 18. e4 dxe4 19. Bxc4 Ra5 20. Nd4 Ra4
21. Rc1 Bc5 22. Nf5 g6 23. Bb5 Ra5 24. Rxc5 O-O 25. Bxd7 Rxc5 26. Ne3 Rc1+ 27.
Nd1 Ra8 28. O-O Rd8 29. Bb5 Rd5 30. Nc3 Rxc3 31. dxc3 Rxb5 32. c4 Rb2 33. Rc1
Kf8 34. c5 Ke7 35. c6 Kd8 36. g4 Kc7 37. Rc4 f5 38. gxf5 gxf5 39. Rc5 f4 40.
Re5 Re2 41. Re6 h5 42. h4 f3 43. Kf1 Kb6 44. Kg1 1/2-1/2

[Event "GLOCAL SQUARE 53rd National Challengers Chess Cham"]
[Site "Naivedhyam Celebration Centre, Nagpur"]
[Date "2015.08.20"]
[Round "6"]
[Board "13"]
[White "Nitin, S."]
[Black "Hemant, Sharma (del)"]
[Result "1/2-1/2"]
[WhiteElo "2404"]
[BlackElo "2270"]
[PlyCount "79"]
[EventDate "2015.08.17"]
[EventRounds "13"]
[EventCountry "IND"]

1. Nf3 f5 2. b3 Nf6 3. Bb2 e6 4. g3 d5 5. Bg2 Bd6 6. O-O O-O 7. d3 Qe7 8. c4 c6
9. Nbd2 Nbd7 10. Qc2 f4 11. Rae1 e5 12. cxd5 cxd5 13. e3 fxg3 14. hxg3 Nb6 15.
e4 dxe4 16. dxe4 Bg4 17. Rc1 Rac8 18. Qb1 Bd7 19. a4 Bc6 20. Bc3 Kh8 21. Nh4 g6
22. a5 Nbd7 23. Nc4 Bc5 24. b4 Bd4 25. Bxd4 exd4 26. e5 Ng4 27. Bxc6 Rxc6 28.
Qe4 Nxf2 29. Rxf2 Rxf2 30. Kxf2 Rxc4 31. Rxc4 Qf7+ 32. Nf3 Qxc4 33. e6 Nf6 34.
Qe5 Kg7 35. e7 Qc2+ 36. Kg1 Qc1+ 37. Kg2 Qc2+ 38. Kg1 Qc1+ 39. Kg2 Qc2+ 40. Kg1
 1/2-1/2

[Event "GLOCAL SQUARE 53rd National Challengers Chess Cham"]
[Site "Naivedhyam Celebration Centre, Nagpur"]
[Date "2015.08.20"]
[Round "6"]
[Board "14"]
[White "Sahoo, Utkal Ranjan"]
[Black "Satyapragyan, Swayangsu"]
[Result "1/2-1/2"]
[WhiteElo "2215"]
[BlackElo "2397"]
[PlyCount "82"]
[EventDate "2015.08.17"]
[EventRounds "13"]
[EventCountry "IND"]

1. d4 Nf6 2. c4 e6 3. Nf3 Bb4+ 4. Bd2 Qe7 5. Nc3 O-O 6. g3 d6 7. Bg2 e5 8. O-O
c6 9. a3 Ba5 10. Qc2 Re8 11. b4 Bc7 12. dxe5 dxe5 13. e4 a5 14. c5 Na6 15. Rab1
axb4 16. axb4 Be6 17. Rfd1 h6 18. Nh4 Rad8 19. Nf5 Bxf5 20. exf5 e4 21. Re1 Qd7
22. Re2 Qd3 23. Qxd3 Rxd3 24. Rbe1 Red8 25. Nb1 Rb3 26. Bxe4 Nxb4 27. Bxb4 Rxb4
28. Bf3 Rb5 29. Rc1 Bb8 30. Ra2 Be5 31. Be2 Rb4 32. Nd2 Nd5 33. Nf3 Bf6 34. Rc4
Rb1+ 35. Kg2 Nc3 36. Rc2 Nxe2 37. Rxe2 Rd5 38. Re8+ Kh7 39. Rf8 Rxf5 40. Rxf7
Rb3 41. g4 Rd5 1/2-1/2

[Event "GLOCAL SQUARE 53rd National Challengers Chess Cham"]
[Site "Naivedhyam Celebration Centre, Nagpur"]
[Date "2015.08.20"]
[Round "6"]
[Board "15"]
[White "Deepan, Chakkravarthy J."]
[Black "Varun, V"]
[Result "1-0"]
[WhiteElo "2500"]
[BlackElo "2171"]
[PlyCount "91"]
[EventDate "2015.08.17"]
[EventRounds "13"]
[EventCountry "IND"]

1. g3 Nf6 2. Bg2 g6 3. c4 Bg7 4. Nc3 O-O 5. d4 d6 6. Nf3 c6 7. O-O Qa5 8. e4 e5
9. h3 Nbd7 10. Re1 Re8 11. Be3 exd4 12. Nxd4 Ne5 13. Bf1 c5 14. Nb3 Qb4 15. Bd2
Qb6 16. Nb5 Be6 17. Ba5 Qc6 18. Nc7 Nxc4 19. Nxa8 Rxa8 20. Bc3 Nxe4 21. Bxg7
Ng5 22. Bg2 Nxh3+ 23. Kh2 Qd7 24. Nxc5 dxc5 25. Qxd7 Bxd7 26. Bxh3 Bxh3 27. Bf6
Be6 28. Rad1 Nb6 29. Rd6 Nd5 30. Be5 Ne7 31. a3 Nc6 32. Bf6 Re8 33. g4 Nd4 34.
Bxd4 cxd4 35. Rxd4 Rc8 36. Kg3 g5 37. Re3 Rc2 38. Rb4 Rc7 39. Rb5 h6 40. Rc3
Rd7 41. Rbc5 Kg7 42. Rc7 Rd1 43. f3 Bd5 44. Rd7 Kf6 45. Re3 Rg1+ 46. Kf2 1-0

[Event "GLOCAL SQUARE 53rd National Challengers Chess Cham"]
[Site "Naivedhyam Celebration Centre, Nagpur"]
[Date "2015.08.20"]
[Round "6"]
[Board "16"]
[White "Das, Arghyadip"]
[Black "Praveen, Kumar C"]
[Result "1-0"]
[WhiteElo "2485"]
[BlackElo "2239"]
[PlyCount "105"]
[EventDate "2015.08.17"]
[EventRounds "13"]
[EventCountry "IND"]

1. e4 g6 2. Nc3 Bg7 3. h4 h5 4. Bc4 e6 5. Nf3 a6 6. a4 Ne7 7. d4 d5 8. Bb3 Nbc6
9. e5 Na5 10. Ba2 c5 11. dxc5 Nac6 12. Bf4 Qa5 13. O-O Qxc5 14. Ne2 Nf5 15. c3
Qe7 16. g3 O-O 17. Re1 Nh6 18. Ned4 Ng4 19. Bb1 Qc7 20. Qe2 Bd7 21. Bd3 Rfc8
22. Nxc6 bxc6 23. Bxa6 Rcb8 24. b4 Nxf2 25. Kxf2 Qb6+ 26. Be3 Qxa6 27. Qxa6
Rxa6 28. Bc5 Bf8 29. Bxf8 Kxf8 30. Nd2 Rba8 31. a5 c5 32. Nb3 cxb4 33. cxb4 Rb8
34. Rab1 Bb5 35. Nd4 Bc4 36. Rb2 Rb7 37. Ra1 f6 38. Nf3 Ke7 39. Ke3 Bb5 40. Rc1
Bc4 41. Rcc2 Ra8 42. Kd4 Bb5 43. exf6+ Kxf6 44. Ne5 Be8 45. Nd3 Rab8 46. Rf2+
Ke7 47. Ke5 Rb5 48. Rbc2 g5 49. Rc7+ Kd8 50. Rg7 gxh4 51. gxh4 d4+ 52. Nc5 Rc8
53. Rf8 1-0

[Event "GLOCAL SQUARE 53rd National Challengers Chess Cham"]
[Site "Naivedhyam Celebration Centre, Nagpur"]
[Date "2015.08.20"]
[Round "6"]
[Board "17"]
[White "Vignesh, B"]
[Black "Swapnil, S. Dhopade"]
[Result "0-1"]
[WhiteElo "2234"]
[BlackElo "2458"]
[PlyCount "187"]
[EventDate "2015.08.17"]
[EventRounds "13"]
[EventCountry "IND"]

1. e4 c6 2. d4 d5 3. Nc3 dxe4 4. Nxe4 Bf5 5. Ng3 Bg6 6. Nf3 e6 7. Bd3 Nf6 8.
O-O Be7 9. c4 Bxd3 10. Qxd3 O-O 11. h3 c5 12. Be3 cxd4 13. Qxd4 Qxd4 14. Nxd4
Rc8 15. Rac1 Nbd7 16. b3 a6 17. Rfd1 Kf8 18. Kf1 Rc7 19. Nf3 b5 20. Bf4 Rcc8
21. Bd6 bxc4 22. bxc4 Bxd6 23. Rxd6 Ke7 24. Rd3 Nc5 25. Rd2 Ra7 26. Rcc2 Rac7
27. Re2 g6 28. Re3 Ne8 29. Nd2 Nd6 30. Ra3 Rc6 31. Ne2 Rb6 32. Nd4 Ndb7 33.
N4b3 Rb4 34. Nxc5 Nxc5 35. Nb3 Rb6 36. Ra5 Nxb3 37. axb3 Rxb3 38. Rxa6 Rb4 39.
Ra7+ Ke8 40. c5 Rb5 41. c6 Rb6 42. Rd2 Rcxc6 43. g3 Rd6 44. Rc2 Rd7 45. Ra3 Kf8
46. Re3 Kg7 47. Kg2 Rbd6 48. Ree2 Rd4 49. Ra2 g5 50. Ra5 Kg6 51. Rae5 h5 52.
Ra5 R7d5 53. Ra3 h4 54. g4 Rd1 55. Rae3 Kf6 56. Re1 R1d4 57. Rf3+ Ke7 58. Ra1
Rd7 59. Ra8 Rd3 60. Rxd3 Rxd3 61. Ra5 f6 62. Rb5 Kd6 63. Ra5 Rd5 64. Ra3 Rd4
65. Ra5 Rc4 66. Ra6+ Ke5 67. Ra5+ Kf4 68. Ra3 f5 69. Rf3+ Ke5 70. gxf5 exf5 71.
Re3+ Kf4 72. Rf3+ Ke5 73. Re3+ Kf6 74. Re8 Rc3 75. Rh8 Ke5 76. Ra8 g4 77. hxg4
h3+ 78. Kh2 fxg4 79. Rg8 Kf4 80. Rf8+ Ke4 81. Re8+ Kd3 82. Kg3 Rc1 83. Rd8+ Ke2
84. Re8+ Kf1 85. Kxg4 h2 86. Rh8 Kg2 87. f4 h1=Q 88. Rxh1 Rxh1 89. f5 Rf1 90.
Kg5 Kf3 91. f6 Ke4 92. Kg6 Ke5 93. f7 Ke6 94. Kg7 0-1

[Event "GLOCAL SQUARE 53rd National Challengers Chess Cham"]
[Site "Naivedhyam Celebration Centre, Nagpur"]
[Date "2015.08.20"]
[Round "6"]
[Board "18"]
[White "Das, Sayantan"]
[Black "Abhishek, Das"]
[Result "*"]
[WhiteElo "2444"]
[BlackElo "2205"]
[PlyCount "127"]
[EventDate "2015.08.17"]
[EventRounds "13"]
[EventCountry "IND"]

1. e4 c5 2. Nc3 Nc6 3. f4 e6 4. Nf3 d5 5. Bb5 Nge7 6. O-O a6 7. Bxc6+ Nxc6 8.
exd5 exd5 9. d4 cxd4 10. Re1+ Be6 11. Nxd4 Bc5 12. Be3 Bxd4 13. Bxd4 O-O 14.
Re3 Qh4 15. Rg3 f6 16. Qe1 Bg4 17. Qf2 Qh5 18. h3 Be6 19. Re1 Qf5 20. Bb6 Rfe8
21. Rd3 Nb4 22. Rd2 d4 23. Rxd4 Nxc2 24. g4 Qg6 25. Rxe6 Rxe6 26. f5 Qe8 27.
fxe6 Nxd4 28. Qxd4 Qxe6 29. Qd5 Qxd5 30. Nxd5 Re8 31. Kf2 Re5 32. Ne3 Kf7 33.
Kf3 Re6 34. Bd4 Re7 35. a4 Ke6 36. h4 Rd7 37. Ke4 g6 38. Bc3 Rd8 39. a5 Rg8 40.
Kf4 Rd8 41. h5 Rd7 42. h6 Rd8 43. Ke4 Rg8 44. Kf4 Rd8 45. Kf3 Re8 46. Ng2 Kf7
47. Nf4 g5 48. Nh5 Kg6 49. Ng7 Re7 50. Nf5 Re6 51. Bd4 Re8 52. Nd6 Re7 53. b4
Re1 54. Nxb7 Rb1 55. Bc5 Rb3+ 56. Kf2 f5 57. gxf5+ Kxf5 58. Nd6+ Kf4 59. Nc4
Rf3+ 60. Ke2 g4 61. b5 Rc3 62. bxa6 Rxc4 63. a7 Re4+ 64. Kd3

[Event "GLOCAL SQUARE 53rd National Challengers Chess Cham"]
[Site "Naivedhyam Celebration Centre, Nagpur"]
[Date "2015.08.20"]
[Round "6"]
[Board "19"]
[White "Shyaamnikhil, P"]
[Black "Phoobalan, P."]
[Result "1-0"]
[WhiteElo "2420"]
[BlackElo "2225"]
[PlyCount "67"]
[EventDate "2015.08.17"]
[EventRounds "13"]
[EventCountry "IND"]

1. e4 e5 2. Nf3 Nc6 3. Bb5 a6 4. Ba4 Nf6 5. O-O b5 6. Bb3 Be7 7. d4 d6 8. c3
O-O 9. h3 Bb7 10. Re1 h6 11. Nbd2 Re8 12. Nf1 Bf8 13. Ng3 exd4 14. cxd4 Na5 15.
Bc2 c5 16. b3 Nc6 17. Bb2 cxd4 18. Nxd4 Nxd4 19. Qxd4 d5 20. e5 Rc8 21. Bf5 Bc5
22. Qf4 g5 23. Qf3 Ne4 24. Nxe4 dxe4 25. Bh7+ Kf8 26. Bxe4 Bxe4 27. Rxe4 Re6
28. Rd1 Qc7 29. Re2 Be7 30. g3 Rd8 31. Rxd8+ Qxd8 32. Rc2 Kg7 33. Kg2 Qd7 34.
Qa8 1-0

[Event "GLOCAL SQUARE 53rd National Challengers Chess Cham"]
[Site "Naivedhyam Celebration Centre, Nagpur"]
[Date "2015.08.20"]
[Round "6"]
[Board "20"]
[White "Deshmukh, Anup"]
[Black "Stany, G.A."]
[Result "0-1"]
[WhiteElo "2232"]
[BlackElo "2392"]
[PlyCount "49"]
[EventDate "2015.08.17"]
[EventRounds "13"]
[EventCountry "IND"]

1. c4 e6 2. d4 Nf6 3. Nc3 Bb4 4. e3 b6 5. Bd3 Bb7 6. f3 c5 7. Nge2 O-O 8. O-O
cxd4 9. exd4 d5 10. a3 Be7 11. b3 dxc4 12. bxc4 Nc6 13. Be3 Rc8 14. Qa4 Qd7 15.
Qc2 Na5 16. Qa2 Ba6 17. Nb5 Nxc4 18. Bxc4 Bxb5 19. Bxb5 Qxb5 20. Rac1 Nd5 21.
Bf2 Bg5 22. Rcd1 Qc6 23. Qb3 Qc2 24. Qb5 Rc4 25. Rfe1 0-1

[Event "GLOCAL SQUARE 53rd National Challengers Chess Cham"]
[Site "Naivedhyam Celebration Centre, Nagpur"]
[Date "2015.08.20"]
[Round "6"]
[Board "24"]
[White "Rajdeep, Sarkar"]
[Black "Mehar, Chinna Reddy C.H."]
[Result "1/2-1/2"]
[WhiteElo "2154"]
[BlackElo "2327"]
[PlyCount "57"]
[EventDate "2015.08.17"]
[EventRounds "13"]
[EventCountry "IND"]

1. d4 d5 2. Nf3 Nf6 3. c4 c6 4. Nbd2 Bf5 5. g3 e6 6. Bg2 h6 7. O-O Nbd7 8. b3
Bd6 9. Bb2 O-O 10. h3 Qe7 11. Ne5 Ba3 12. Bxa3 Qxa3 13. Nxd7 Nxd7 14. Qc1 Qe7
15. Qc3 Nf6 16. e3 Rfd8 17. c5 Qc7 18. b4 Ne4 19. Nxe4 Bxe4 20. a4 Bg6 21. Ra3
Re8 22. Rb3 e5 23. Rd1 a6 24. dxe5 Rxe5 25. b5 axb5 26. axb5 Be4 27. Rd4 Bxg2
28. Kxg2 Qe7 29. bxc6 1/2-1/2

[Event "GLOCAL SQUARE 53rd National Challengers Chess Cham"]
[Site "Naivedhyam Celebration Centre, Nagpur"]
[Date "2015.08.20"]
[Round "6"]
[Board "25"]
[White "Suvrajit, Saha"]
[Black "Debashish, Dutta"]
[Result "1/2-1/2"]
[WhiteElo "2326"]
[BlackElo "2070"]
[PlyCount "65"]
[EventDate "2015.08.17"]
[EventRounds "13"]
[EventCountry "IND"]

1. d4 d5 2. Nf3 c6 3. g3 Nf6 4. Bg2 Bf5 5. O-O h6 6. Re1 e6 7. c3 Bd6 8. Nfd2
O-O 9. e4 dxe4 10. Nxe4 Nxe4 11. Bxe4 Bxe4 12. Rxe4 Nd7 13. Nd2 Nf6 14. Re1 c5
15. Nc4 Be7 16. dxc5 Bxc5 17. Be3 Bxe3 18. Nxe3 Qxd1 19. Rexd1 Rfd8 20. f3 Kf8
21. Kf2 Ke7 22. Ke2 Ne8 23. Rxd8 Rxd8 24. Rd1 Rxd1 25. Nxd1 e5 26. Kd3 Nd6 27.
Ne3 Ke6 28. c4 f5 29. b4 e4+ 30. fxe4 Nxe4 31. a4 g5 32. a5 h5 33. Nc2 1/2-1/2

[Event "GLOCAL SQUARE 53rd National Challengers Chess Cham"]
[Site "Naivedhyam Celebration Centre, Nagpur"]
[Date "2015.08.20"]
[Round "6"]
[Board "32"]
[White "Gomes, Mary Ann"]
[Black "Sumit, Grover"]
[Result "1-0"]
[WhiteElo "2314"]
[BlackElo "2021"]
[PlyCount "47"]
[EventDate "2015.08.17"]
[EventRounds "13"]
[EventCountry "IND"]

1. Nf3 Nf6 2. c4 e6 3. g3 d5 4. b3 Be7 5. Bg2 O-O 6. O-O b6 7. Bb2 Bb7 8. d4
Nbd7 9. Nc3 c5 10. e3 Rc8 11. Ne5 cxd4 12. exd4 Ba6 13. Re1 Bb4 14. Rc1 Bxc3
15. Bxc3 Nb8 16. Bb4 Re8 17. c5 Nc6 18. Nxc6 Rxc6 19. cxb6 Qxb6 20. Bc5 Qb7 21.
b4 Bc4 22. Rxc4 dxc4 23. Qa4 Rec8 24. b5 1-0

[Event "GLOCAL SQUARE 53rd National Challengers Chess Cham"]
[Site "Naivedhyam Celebration Centre, Nagpur"]
[Date "2015.08.21"]
[Round "7"]
[Board "1"]
[White "Laxman, R.R."]
[Black "Karthikeyan, Murali"]
[Result "1/2-1/2"]
[WhiteElo "2425"]
[BlackElo "2510"]
[PlyCount "139"]
[EventDate "2015.08.17"]
[EventRounds "13"]
[EventCountry "IND"]

1. d4 d5 2. Nf3 Nf6 3. c4 e6 4. g3 Be7 5. Bg2 O-O 6. O-O dxc4 7. Qc2 a6 8. a4
Bd7 9. Qxc4 Bc6 10. Bf4 a5 11. Rd1 Na6 12. Nc3 Nb4 13. Rac1 Rc8 14. Ne5 Bxg2
15. Kxg2 Nfd5 16. Bd2 Nb6 17. Qb3 Qe8 18. e4 c5 19. dxc5 Bxc5 20. Nb5 Qe7 21.
Bxb4 Bxb4 22. Nd3 Rc6 23. Nxb4 Qxb4 24. Qxb4 axb4 25. b3 h6 26. Nd6 Rb8 27.
Rxc6 bxc6 28. Rc1 Nc8 29. Rxc6 Nxd6 30. Rxd6 Kf8 31. e5 Ke7 32. Rd4 f6 33. f4
g5 34. Kf3 f5 35. h3 Rc8 36. Rxb4 Rc3+ 37. Kf2 Kd7 38. Rd4+ Ke7 39. b4 g4 40.
hxg4 fxg4 41. a5 Rf3+ 42. Kg2 Ra3 43. Rd6 Kf7 44. a6 Kg6 45. b5 Ra5 46. Rxe6+
Kf5 47. Rb6 Ke4 48. Kf2 Ra2+ 49. Ke1 h5 50. e6 Kf3 51. f5 h4 52. gxh4 Re2+ 53.
Kd1 g3 54. a7 g2 55. a8=Q+ Re4 56. Qa3+ Re3 57. Qa8+ Re4 58. Qg8 Rg4 59. Qxg4+
Kxg4 60. Kc2 g1=Q 61. Rc6 Kxf5 62. Kb3 Qg3+ 63. Kb4 Qxh4+ 64. Kc5 Ke5 65. Kb6
Kd5 66. Ka6 Qa4+ 67. Kb6 Qb4 68. Ka6 Qa4+ 69. Kb6 Qa8 70. e7 1/2-1/2

[Event "GLOCAL SQUARE 53rd National Challengers Chess Cham"]
[Site "Naivedhyam Celebration Centre, Nagpur"]
[Date "2015.08.21"]
[Round "7"]
[Board "2"]
[White "Ramnath, Bhuvanesh.R"]
[Black "Sengupta, Deep"]
[Result "0-1"]
[WhiteElo "2431"]
[BlackElo "2594"]
[PlyCount "74"]
[EventDate "2015.08.17"]
[EventRounds "13"]
[EventCountry "IND"]

1. Nf3 Nf6 2. g3 d5 3. Bg2 c6 4. O-O Bf5 5. d3 h6 6. Nbd2 e6 7. b3 Be7 8. Bb2
O-O 9. Qe1 Bh7 10. e4 a5 11. a4 Na6 12. Qe2 Nb4 13. Rfc1 Qb6 14. Ba3 Rfe8 15.
Bb2 Rad8 16. Ne5 Bc5 17. c3 Na6 18. d4 Bf8 19. f3 c5 20. Kh1 cxd4 21. cxd4 Bb4
22. exd5 exd5 23. Nf1 Nc7 24. Qd1 Bd6 25. Ne3 Ne6 26. N5g4 Nxg4 27. fxg4 Nf4
28. Nxd5 Nxd5 29. Bxd5 Bb4 30. Bg2 Re1+ 31. Qxe1 Bxe1 32. Rxe1 Qxb3 33. Bc1 Bg6
34. Be3 Re8 35. Bf2 Rxe1+ 36. Rxe1 Qxa4 37. d5 Qb4 0-1

[Event "GLOCAL SQUARE 53rd National Challengers Chess Cham"]
[Site "Naivedhyam Celebration Centre, Nagpur"]
[Date "2015.08.21"]
[Round "7"]
[Board "3"]
[White "Lalith, Babu M.R."]
[Black "Anurag, Mhamal"]
[Result "1/2-1/2"]
[WhiteElo "2570"]
[BlackElo "2393"]
[PlyCount "74"]
[EventDate "2015.08.17"]
[EventRounds "13"]
[EventCountry "IND"]

1. d4 Nf6 2. c4 g6 3. Nc3 d5 4. cxd5 Nxd5 5. Bd2 Bg7 6. e4 Nb6 7. Be3 O-O 8.
Nf3 Bg4 9. Be2 Bxf3 10. Bxf3 Nc4 11. e5 Nxe3 12. fxe3 c6 13. O-O Na6 14. Ne4
Qb6 15. Nd2 Rad8 16. Nc4 Qc7 17. Qb3 b6 18. Rac1 c5 19. Rfd1 Qb8 20. a3 Kh8 21.
Rc2 f6 22. exf6 Bxf6 23. Rcd2 cxd4 24. exd4 Qf4 25. Qe3 Qxe3+ 26. Nxe3 Nc7 27.
d5 Nb5 28. Ng4 Bg7 29. Re1 Nd4 30. Be4 e6 31. dxe6 Nxe6 32. Rxd8 Nxd8 33. Re2
Bd4+ 34. Nf2 Ne6 35. Rd2 Rf4 36. Bf3 Ng5 37. Kf1 Nxf3 1/2-1/2

[Event "GLOCAL SQUARE 53rd National Challengers Chess Cham"]
[Site "Naivedhyam Celebration Centre, Nagpur"]
[Date "2015.08.21"]
[Round "7"]
[Board "4"]
[White "Neelotpal, Das"]
[Black "Thejkumar, M. S."]
[Result "1/2-1/2"]
[WhiteElo "2448"]
[BlackElo "2479"]
[PlyCount "51"]
[EventDate "2015.08.17"]
[EventRounds "13"]
[EventCountry "IND"]

1. e4 c6 2. d4 d5 3. Nd2 dxe4 4. Nxe4 Bf5 5. Ng3 Bg6 6. h4 h6 7. Nf3 Nd7 8. h5
Bh7 9. Bd3 Bxd3 10. Qxd3 e6 11. Bd2 Ngf6 12. O-O-O Be7 13. Kb1 Qb6 14. c4 O-O
15. Ne4 Rad8 16. Bc3 Nxe4 17. Qxe4 Bb4 18. Qc2 Bxc3 19. Qxc3 Nf6 20. Qe3 Qa6
21. Ne5 Nd7 22. b3 Nxe5 23. dxe5 Qa3 24. Rd4 a5 25. Rhd1 Rxd4 26. Qxd4 1/2-1/2

[Event "GLOCAL SQUARE 53rd National Challengers Chess Cham"]
[Site "Naivedhyam Celebration Centre, Nagpur"]
[Date "2015.08.21"]
[Round "7"]
[Board "5"]
[White "Shyam, Sundar M."]
[Black "Rathnakaran, K."]
[Result "1-0"]
[WhiteElo "2499"]
[BlackElo "2417"]
[PlyCount "137"]
[EventDate "2015.08.17"]
[EventRounds "13"]
[EventCountry "IND"]

1. e4 e6 2. d4 d5 3. Nd2 Nf6 4. e5 Nfd7 5. Bd3 c5 6. c3 Nc6 7. Ne2 cxd4 8. cxd4
f6 9. exf6 Nxf6 10. O-O Bd6 11. Nf3 Qc7 12. Bd2 O-O 13. Rc1 Ne4 14. Be3 Bd7 15.
Ng3 Nxg3 16. hxg3 h6 17. Bb1 Be8 18. Nh2 Qf7 19. f4 Ne7 20. g4 Bb5 21. Rf2 Rac8
22. g3 Rxc1 23. Qxc1 Rc8 24. Rc2 Nc6 25. Qd1 g5 26. fxg5 hxg5 27. Kg2 Qg7 28.
Nf3 Rf8 29. Rf2 Be7 30. Qd2 Rf7 31. Nxg5 Rxf2+ 32. Kxf2 Bxg5 33. Bxg5 Nxd4 34.
Qf4 e5 35. Qf6 e4 36. Ke3 Qxf6 37. Bxf6 Ne6 38. Bc2 Kf7 39. Be5 Kg6 40. Bb3 Bc6
41. Bd1 a6 42. Bb3 Ng5 43. Bd1 Nf7 44. Bc7 Kg5 45. Kd4 Kf6 46. Bb3 Ke6 47. Bf4
Nh8 48. Bd1 Ng6 49. b4 Bb5 50. Bb3 Ne7 51. a4 Be2 52. Bg5 Nc6+ 53. Kc5 Bxg4 54.
Bxd5+ Kf5 55. Be3 Be2 56. Bd2 Bd3 57. b5 axb5 58. axb5 Nd8 59. b6 Ba6 60. Kd6
Bb5 61. Kc7 Ke5 62. Ba2 Ne6+ 63. Bxe6 Kxe6 64. Kxb7 Kf5 65. Kc7 Ba6 66. b7 Bxb7
67. Kxb7 Kg4 68. Be1 Kf3 69. Kc6 1-0

[Event "GLOCAL SQUARE 53rd National Challengers Chess Cham"]
[Site "Naivedhyam Celebration Centre, Nagpur"]
[Date "2015.08.21"]
[Round "7"]
[Board "6"]
[White "K., Praneeth Surya"]
[Black "Deepan, Chakkravarthy J."]
[Result "1-0"]
[WhiteElo "2347"]
[BlackElo "2500"]
[PlyCount "63"]
[EventDate "2015.08.17"]
[EventRounds "13"]
[EventCountry "IND"]

1. e4 g6 2. d4 Bg7 3. Nc3 c6 4. f4 d5 5. e5 Nh6 6. Nf3 Bg4 7. h3 Bxf3 8. Qxf3
Nf5 9. Ne2 c5 10. dxc5 e6 11. g4 Nh4 12. Qf2 Nc6 13. Be3 d4 14. Nxd4 Qd5 15.
Rg1 Nxd4 16. O-O-O O-O-O 17. Rxd4 Qxa2 18. Qxh4 Rxd4 19. Bxd4 Rd8 20. c3 Qa1+
21. Kd2 Qxb2+ 22. Ke3 Qc1+ 23. Kf3 g5 24. Qxg5 Bf8 25. c6 Qb1 26. Be2 Qb3 27.
cxb7+ Qxb7+ 28. Kg3 Be7 29. Ba6 Qxa6 30. Qxe7 h5 31. Qc5+ Kb7 32. g5 1-0

[Event "GLOCAL SQUARE 53rd National Challengers Chess Cham"]
[Site "Naivedhyam Celebration Centre, Nagpur"]
[Date "2015.08.21"]
[Round "7"]
[Board "7"]
[White "Kunte, Abhijit"]
[Black "Navin, Kanna T.U."]
[Result "1-0"]
[WhiteElo "2493"]
[BlackElo "2373"]
[PlyCount "117"]
[EventDate "2015.08.17"]
[EventRounds "13"]
[EventCountry "IND"]

1. Nf3 Nf6 2. c4 g6 3. d4 Bg7 4. g3 c6 5. Bg2 d5 6. Qb3 O-O 7. O-O dxc4 8. Qxc4
Bf5 9. e3 Nbd7 10. Nc3 Ne4 11. Rd1 Qa5 12. Bd2 Nxd2 13. Nxd2 Qb6 14. Qb3 Rfd8
15. h3 h5 16. Nc4 Qxb3 17. axb3 Nb6 18. Na5 Rd7 19. b4 Rb8 20. b5 Nc8 21. Rac1
Rd6 22. e4 Be6 23. e5 Rd7 24. bxc6 bxc6 25. Nxc6 Rxb2 26. Na4 Rb5 27. Nc5 Rc7
28. d5 Bf5 29. d6 exd6 30. exd6 Nxd6 31. Rxd6 Bf8 32. Rd8 Kg7 33. Na6 Rc8 34.
Rxc8 Bxc8 35. Nc7 Rc5 36. Rxc5 Bxc5 37. h4 Kf8 38. Bd5 a5 39. Nb5 Bd7 40. Nc3
Be8 41. Ne4 Bb6 42. Nd6 f6 43. Nc4 Bc7 44. N4xa5 g5 45. Nb3 Bf7 46. Bxf7 Kxf7
47. Ncd4 Kg6 48. Kg2 Bb6 49. Kf3 Ba7 50. Nc6 Bb6 51. Ne7+ Kf7 52. Nf5 Kg6 53.
Nbd4 Bc5 54. Ke4 Bb4 55. f4 Be1 56. Nf3 Bf2 57. fxg5 fxg5 58. Nxg5 Be1 59. Nh3
 1-0

[Event "GLOCAL SQUARE 53rd National Challengers Chess Cham"]
[Site "Naivedhyam Celebration Centre, Nagpur"]
[Date "2015.08.21"]
[Round "7"]
[Board "8"]
[White "Rajesh, V A V"]
[Black "Das, Arghyadip"]
[Result "1-0"]
[WhiteElo "2330"]
[BlackElo "2485"]
[PlyCount "87"]
[EventDate "2015.08.17"]
[EventRounds "13"]
[EventCountry "IND"]

1. d4 g6 2. Nf3 Bg7 3. c4 d6 4. Nc3 Nd7 5. e4 e5 6. Be3 Ngf6 7. h3 O-O 8. d5
Nh5 9. Nd2 Bf6 10. g3 Bg5 11. Bxg5 Qxg5 12. Be2 Ng7 13. h4 Qd8 14. h5 Nf6 15.
g4 c6 16. Nf1 Qb6 17. Rb1 Qd4 18. Ne3 Qxd1+ 19. Kxd1 gxh5 20. gxh5 h6 21. Kc2
c5 22. Rbg1 Kh8 23. Rh4 Bd7 24. f4 exf4 25. Rxf4 Nh7 26. Bg4 Be8 27. Ne2 Rd8
28. Ng3 f6 29. Nef5 Nxf5 30. Nxf5 Ng5 31. Nxh6 Kh7 32. Nf5 Nf7 33. Ne3 Ne5 34.
Be6 Bd7 35. Nf5 Bxe6 36. Rg7+ Kh8 37. dxe6 Rde8 38. e7 Rg8 39. h6 Rxg7 40.
hxg7+ Kg8 41. Rh4 Ng6 42. Rh6 Kf7 43. Nxd6+ Kxg7 44. Rxg6+ 1-0